000 00680nam a2200241Ia 4500
003 OSt
005 20220926005419.0
006 a|||||r|||| 00| 0
007 ta
008 220923b |||||||| |||| 00| 0 eng d
037 _cGeneral Book
040 _aRTL
_cRTL
_beng
041 _2eng
_aeng
082 _aY49(J).10j2.N8, M3
100 _aMencher Joan P
_9298924
245 0 _aSocial anthropology of pesantry
260 _a New Delhi
_bSomaiya Publications
_c1983
300 _axii,351p
_ccm.
500 _aBibliography chapterwise
650 _aPeasants
942 _hY49(J).10j2.N8, M3
_cGB
_2CC
999 _c613746
_d613746